Dlhodobé plánovanie Etapy, úlohy, výsledky

Guardado en:
Detalles Bibliográficos
Autor principal: Vincúr, Pavol
Formato: Libro
Lenguaje:eslovaco
Publicado: Bratislava Pravda 1988
Edición:1. vyd.
Etiquetas: Agregar Etiqueta
Sin Etiquetas, Sea el primero en etiquetar este registro!

MARC

LEADER 00000nam a2200000 4500
001 c033366
005 20230116100352.7
041 0 |a slo 
044 |a SK 
245 1 0 |a Dlhodobé plánovanie  |b Etapy, úlohy, výsledky  |c Pavol Vincúr 
250 |a 1. vyd. 
264 1 |a Bratislava  |b Pravda  |c 1988 
300 |a 249 s. 
100 1 |a Vincúr, Pavol